Loading...
| Religion | 0 | 4 | 0 | 1 | 40 | 57 | 76.00 | 0 | 1 | 10.25 | 14.26 |
| Fine Arts - Painting and Sculpture | 0 | 4 | 1 | 1 | 35 | 57 | 88.75 | 0 | 0 | 7.54 | 13.46 |
| Science - Physics | 0 | 3 | 0 | 0 | 30 | 59 | 65.67 | 0 | 1 | 9.60 | 13.51 |
| Science - Other | 0 | 3 | 1 | 0 | 25 | 35 | 60.33 | 1 | 1 | 12.38 | 18.27 |
| Philosophy | 0 | 2 | 0 | 1 | 20 | 53 | 72.50 | 0 | 1 | 6.86 | 14.10 |
| Popular Culture | 0 | 2 | 0 | 1 | 20 | 61 | 91.00 | 0 | 0 | 6.64 | 6.87 |
| Fine Arts - Other | 0 | 2 | 0 | 1 | 20 | 91 | 95.00 | 0 | 0 | 2.78 | 4.86 |
| Science - Biology | 0 | 2 | 0 | 1 | 20 | 41 | 55.00 | 0 | 1 | 7.76 | 11.81 |
| Literature - British | 0 | 2 | 0 | 0 | 20 | 98 | 106.50 | 0 | 0 | 0.91 | 2.78 |
| Literature - World | 0 | 2 | 1 | 0 | 15 | 48 | 82.50 | 1 | 1 | 4.80 | 9.62 |
| Geography | 0 | 1 | 0 | 0 | 10 | 34 | 34.00 | 0 | 1 | 11.90 | 13.89 |
| Literature - American | 0 | 1 | 0 | 0 | 10 | 85 | 85.00 | 0 | 0 | 2.12 | 1.39 |
| Mythology | 0 | 1 | 0 | 0 | 10 | 71 | 71.00 | 0 | 0 | 3.10 | 5.77 |
| Science - Chemistry | 0 | 1 | 0 | 1 | 10 | 94 | 94.00 | 0 | 0 | 0.42 | 6.25 |
| History - American | 0 | 1 | 0 | 0 | 10 | 75 | 75.00 | 0 | 0 | 2.38 | 5.13 |
| Fine Arts - Classical Music | 0 | 1 | 1 | 0 | 5 | 83 | 83.00 | 0 | 0 | 2.16 | 3.85 |
| History - World | 0 | 0 | 1 | 0 | -5 | 0.00 | 0 | 0 | 0.00 | 0.00 |